000 00208nam a2200109Ia 4500
100 _aKIERKEGAARD/SOREN.
942 _cBK
245 _aFEAR & TREMBELING.
260 _b#N/A
546 _aENGLISH
999 _c21196
_d21196